[Event "Weisse Dame Hamburg-LSV Turm Lippstadt"]
[Site "?"]
[Date "2007.12.28"]
[Round "3.1"]
[White "Tran, Duc Cuong"]
[Black "Pfeiffer, Daniel"]
[Result "1-0"]
[WhiteElo "1709"]
[BlackElo "1670"]
[PlyCount "73"]
[EventDate "2007.??.??"]

1. e4 c5 2. Nc3 Nc6 3. g3 g6 4. Bg2 Bg7 5. Nge2 e6 6. d3 Nge7 7. O-O O-O 8. h3
d5 9. Kh2 d4 10. Nb1 e5 11. f4 f5 12. Nd2 Qc7 13. fxe5 Nxe5 14. Nf3 Bd7 15. Bf4
N7c6 16. Nxe5 Nxe5 17. Qd2 fxe4 18. dxe4 Bb5 19. a4 Bxe2 20. Qxe2 Rae8 21. Rab1
Qe7 22. Qb5 a6 23. Qb6 Rf6 24. Qa5 h6 25. Bxe5 Qxe5 26. b4 cxb4 27. Qxb4 b5 28.
Rxf6 Bxf6 29. axb5 Rb8 30. Qc4+ Kg7 31. b6 Bd8 32. Qxa6 Qd6 33. Qa7+ Kh8 34. b7
Bc7 35. Rb3 Kh7 36. Qa4 Rxb7 37. e5 1-0

[Event "Weisse Dame Hamburg-LSV Turm Lippstadt"]
[Site "?"]
[Date "2007.12.28"]
[Round "3.3"]
[White "Scheer, Maximilian"]
[Black "Schaeffer, Philipp"]
[Result "1-0"]
[WhiteElo "1223"]
[BlackElo "1234"]
[PlyCount "89"]
[EventDate "2007.??.??"]

1. e4 c5 2. Nf3 d6 3. d4 cxd4 4. Nxd4 Nf6 5. Nd2 a6 6. Be2 e5 7. N4f3 Be6 8.
O-O Nbd7 9. Re1 Be7 10. Bd3 O-O 11. Nf1 Qc7 12. Ng3 d5 13. exd5 Bxd5 14. Bf5
Bxf3 15. Qxf3 Qa5 16. c3 b5 17. Ne4 b4 18. Bd2 Rad8 19. Qe3 Nxe4 20. Qxe4 Rfe8
21. cxb4 Nf6 22. Qc2 Bxb4 23. Bxb4 Qxb4 24. Rad1 Rxd1 25. Rxd1 g6 26. a3 Qb6
27. Bd3 e4 28. Be2 e3 29. f3 Rd8 30. b4 Rxd1+ 31. Qxd1 Qe6 32. Kf1 Nd5 33. Qb3
f5 34. Bc4 e2+ 35. Ke1 Qe5 36. Bxd5+ Kf8 37. Qd3 Kg7 38. g3 g5 39. Bc4 Qa1+ 40.
Kxe2 Qb2+ 41. Ke3 Qe5+ 42. Kf2 Qb2+ 43. Qe2 Qd4+ 44. Kg2 Kf6 45. Qe6+ 1-0

[Event "SG Porz 47-SK Gründau"]
[Site "?"]
[Date "2007.12.28"]
[Round "3.1"]
[White "Kuhn, Jan"]
[Black "Krause, Johann"]
[Result "1-0"]
[WhiteElo "1606"]
[BlackElo "1333"]
[PlyCount "79"]
[EventDate "2007.??.??"]

1. e4 c6 2. d4 d5 3. exd5 cxd5 4. Nc3 Nf6 5. Bf4 e6 6. a3 Bd6 7. Bxd6 Qxd6 8.
Nf3 Bd7 9. Be2 a6 10. O-O O-O 11. Qd2 Nc6 12. Bd3 Rfe8 13. Rfe1 b5 14. Ne2 e5
15. dxe5 Nxe5 16. Nxe5 Rxe5 17. Ng3 Rae8 18. Kf1 Ng4 19. h3 Nf6 20. Qb4 Qe7 21.
Qxe7 R8xe7 22. Rxe5 Rxe5 23. Re1 Rxe1+ 24. Kxe1 Kf8 25. Kd2 g6 26. Kc3 Ke7 27.
Kb4 Kd6 28. a4 bxa4 29. Bxa6 d4 30. Kc4 Ke5 31. Bb7 Be6+ 32. Kb5 Bd7+ 33. Bc6
Bxc6+ 34. Kxc6 d3 35. cxd3 Kd4 36. Kb5 a3 37. bxa3 Kxd3 38. a4 Nd7 39. a5 Kd2
40. a6 1-0

[Event "SG Porz 47-SK Gründau"]
[Site "?"]
[Date "2007.12.28"]
[Round "3.4"]
[White "Priesmann, Dominik"]
[Black "Steppat, Sebastian"]
[Result "1-0"]
[WhiteElo "796"]
[BlackElo "1002"]
[PlyCount "117"]
[EventDate "2007.??.??"]

1. e4 e6 2. d4 d5 3. exd5 exd5 4. Nc3 Nf6 5. Nf3 Nc6 6. Bb5 Bd6 7. O-O Bd7 8.
Re1+ Be7 9. Bg5 O-O 10. Bxf6 Bxf6 11. Nxd5 Re8 12. Qd2 Bg4 13. Nxf6+ Qxf6 14.
Bxc6 Qxc6 15. Ne5 Qe6 16. d5 Qf5 17. f3 Bh5 18. g4 Qf6 19. gxh5 Rxe5 20. Rxe5
Qxe5 21. Qc3 Qxd5 22. Qxc7 Qxf3 23. Rf1 Qxh5 24. h4 Qg4+ 25. Kh1 Qxh4+ 26. Kg1
Qg5+ 27. Kh1 Qd5+ 28. Kg1 f6 29. b3 Qc6 30. Qxc6 bxc6 31. Rf5 Kf7 32. Rh5 Rh8
33. Ra5 Ra8 34. Rh5 Kg6 35. Rc5 Rc8 36. b4 a6 37. a4 f5 38. b5 axb5 39. axb5
Kg5 40. Rxc6 Rb8 41. c4 f4 42. b6 Kg4 43. c5 Kg5 44. Rc7 f3 45. Rxg7+ Kf4 46.
b7 Ke4 47. Rd7 Rg8+ 48. Kf2 Rg2+ 49. Kf1 Rb2 50. c6 Ke3 51. Re7+ Kf4 52. c7
Rb1+ 53. Re1 Rb2 54. c8=Q Kg3 55. b8=Q+ Kh4 56. Qg8 Rxb8 57. Re4+ Kh3 58. Qg4+
Kh2 59. Qh4# 1-0

[Event "SV Unterkochen-BSG Chemie Leipzig"]
[Site "?"]
[Date "2007.12.28"]
[Round "3.3"]
[White "Schmücker, Felix"]
[Black "Degünther, Julius"]
[Result "1-0"]
[WhiteElo "1077"]
[BlackElo "976"]
[PlyCount "105"]
[EventDate "2007.??.??"]

1. e4 e5 2. Nf3 Nc6 3. d4 exd4 4. Bc4 Nf6 5. O-O Bc5 6. Bg5 h6 7. Bxf6 Qxf6 8.
e5 Nxe5 9. Nxe5 O-O 10. Nxf7 Rxf7 11. Bxf7+ Qxf7 12. Nd2 d6 13. Nb3 Qf6 14. Qd3
Bb6 15. Qe4 Rb8 16. Qe8+ Qf8 17. Qxf8+ Kxf8 18. Rad1 c5 19. c3 dxc3 20. bxc3
Bc7 21. Rfe1 Bd7 22. Nxc5 Bf5 23. Ne6+ Bxe6 24. Rxe6 b5 25. f4 a5 26. Rd5 Kf7
27. Re4 b4 28. cxb4 axb4 29. Rd3 g6 30. Rb3 Ba5 31. a3 d5 32. Re2 g5 33. fxg5
hxg5 34. axb4 Rxb4 35. Rxb4 Bxb4 36. Re5 Kf6 37. Rxd5 Bf8 38. g4 Bh6 39. Rd6+
Kg7 40. Kg2 Kh7 41. Kf3 Kg7 42. Ke4 Kh7 43. Rxh6+ Kxh6 44. Kf5 Kg7 45. Kxg5 Kh7
46. Kf6 Kh6 47. g5+ Kh7 48. Kf7 Kh8 49. h4 Kh7 50. g6+ Kh8 51. g7+ Kh7 52.
g8=Q+ Kh6 53. Qg6# 1-0

[Event "SV Unterkochen-BSG Chemie Leipzig"]
[Site "?"]
[Date "2007.12.28"]
[Round "3.4"]
[White "Schmid, Bernd"]
[Black "Bessert, Maximilian"]
[Result "0-1"]
[WhiteElo "776"]
[BlackElo "1126"]
[PlyCount "74"]
[EventDate "2007.??.??"]

1. e4 e5 2. Nf3 Nc6 3. Bc4 Bc5 4. c3 Nf6 5. d4 exd4 6. cxd4 Bb4+ 7. Nc3 Nxe4 8.
O-O Bxc3 9. bxc3 O-O 10. d5 Ne7 11. Qd3 Nf6 12. Nd4 d6 13. Qg3 Ng6 14. f4 Ne4
15. Qf3 f5 16. Re1 Re8 17. Bb2 Nd2 18. Qd3 Nxc4 19. Qxc4 Rxe1+ 20. Rxe1 Bd7 21.
Nf3 c6 22. Ba3 Qb6+ 23. Kh1 Kh8 24. Ng5 Rf8 25. Ne6 Bxe6 26. dxe6 Re8 27. Bxd6
Qd8 28. Bb4 Qd2 29. Qf1 Nxf4 30. e7 b6 31. g3 Nd5 32. Re2 Qd3 33. Qe1 Qf3+ 34.
Kg1 f4 35. Re5 Ne3 36. Qf2 Qd1+ 37. Qf1 Qxf1# 0-1

[Event "SF Baiertal-Schatthausen-SV Empor Berli"]
[Site "?"]
[Date "2007.12.28"]
[Round "3.1"]
[White "Tong, Lukas Fabian Chuan"]
[Black "Herbst, Matthew"]
[Result "1-0"]
[WhiteElo "1575"]
[BlackElo "1153"]
[PlyCount "135"]
[EventDate "2007.??.??"]

1. d4 d5 2. c4 e6 3. Nc3 Nf6 4. Nf3 Nbd7 5. Bf4 Bb4 6. a3 Be7 7. h3 O-O 8. e3
c6 9. Bd3 dxc4 10. Bxc4 Re8 11. O-O Nd5 12. Bxd5 exd5 13. Qc2 Nf8 14. b4 Bd6
15. Bxd6 Qxd6 16. b5 Qf6 17. Qe2 Bf5 18. Rfc1 Re6 19. bxc6 bxc6 20. Na4 Nd7 21.
Nc5 Nxc5 22. Rxc5 Qh6 23. Ne5 Rc8 24. Rac1 Rf6 25. Ng4 Bxg4 26. Qxg4 Rd8 27.
Qg3 Rfd6 28. Qe5 Qg6 29. Qe7 R6d7 30. Qe5 Rd6 31. Ra5 R6d7 32. Ra6 Rd6 33. Rxa7
h6 34. Qe7 Qe6 35. Qxe6 Rxe6 36. Rc7 Ra8 37. R1xc6 Rxa3 38. Rc8+ Kh7 39. Rxe6
fxe6 40. Rc6 Ra1+ 41. Kh2 Rf1 42. Kg3 Ra1 43. Rxe6 Ra2 44. Re5 Ra5 45. f3 Kg6
46. e4 Kf6 47. Rxd5 Rxd5 48. exd5 g6 49. h4 Kf5 50. f4 Kf6 51. h5 g5 52. fxg5+
Kxg5 53. d6 Kf6 54. d5 Kf7 55. Kf4 Kf6 56. g4 Kf7 57. Kf5 Ke8 58. Ke6 Kd8 59.
g5 hxg5 60. h6 g4 61. h7 Kc8 62. h8=Q+ Kb7 63. Qg7+ Kb6 64. Qxg4 Kc5 65. d7 Kb5
66. Kd6 Ka5 67. Kc6 Ka6 68. Qa4# 1-0

[Event "SC Einheit Bautzen-TuS Makkabi Berlin"]
[Site "?"]
[Date "2007.12.28"]
[Round "3.3"]
[White "Wagner, Christian"]
[Black "Vu Tuan, Minh"]
[Result "1-0"]
[WhiteElo "1451"]
[BlackElo "1184"]
[PlyCount "69"]
[EventDate "2007.??.??"]
[WhiteTeam "TuS Makkabi Berlin"]
[BlackTeam "SC Einheit Bautzen"]

1. e4 c5 2. Nf3 e6 3. d4 cxd4 4. Nxd4 a6 5. Nc3 Qc7 6. Bd2 Nc6 7. Nb3 Nf6 8.
Bd3 d6 9. O-O Be7 10. a3 O-O 11. Re1 Ne5 12. Bf4 Nxd3 13. Qxd3 e5 14. Bg5 h6
15. Bh4 b5 16. Rad1 Bb7 17. Bxf6 Bxf6 18. Qxd6 Qxd6 19. Rxd6 Bd8 20. Nc5 Bc7
21. Nxb7 Bxd6 22. Nxd6 Rfd8 23. Nf5 Kf8 24. Rd1 Rxd1+ 25. Nxd1 a5 26. Nde3 b4
27. a4 Rb8 28. b3 h5 29. Kf1 g6 30. Nd6 f6 31. Nd5 Kg7 32. Nc4 Rc8 33. Ke2 f5
34. Kd3 fxe4+ 35. Kxe4 1-0

[Event "USV Potsdam-SC Forchheim"]
[Site "?"]
[Date "2007.12.28"]
[Round "3.4"]
[White "Werthmann, Nils"]
[Black "Wagner, Robert"]
[Result "0-1"]
[WhiteElo "1067"]
[BlackElo "1483"]
[PlyCount "70"]
[EventDate "2007.??.??"]
[WhiteTeam "USV Potsdam"]
[BlackTeam "SC Forchheim"]

1. e4 c5 2. Nc3 Nc6 3. Nf3 g6 4. g3 Bg7 5. Bg2 Nf6 6. O-O O-O 7. d3 d6 8. Re1
b6 9. Bd2 Bb7 10. Qc1 Qd7 11. Bh6 Rac8 12. Bxg7 Kxg7 13. Qd2 a6 14. a4 Rc7 15.
Rad1 Rfc8 16. b3 Nd4 17. Nxd4 cxd4 18. Nb1 Rxc2 19. Qb4 Qc6 20. Na3 a5 21. Qxd4
e5 22. Qe3 Rc5 23. Bh3 Rd8 24. Rc1 Ng8 25. Rxc5 bxc5 26. Nc4 Qc7 27. Qd2 Ra8
28. Re3 Ne7 29. Rf3 Nc6 30. Re3 Nd4 31. Qb2 Bc6 32. Na3 Rb8 33. Qd2 Rxb3 34.
Nc2 Rb2 35. Re2 Nf3+ 0-1

[Event "SK Ettlingen-SC Vaterstetten"]
[Site "?"]
[Date "2007.12.28"]
[Round "3.3"]
[White "Xiong, Ferdinand"]
[Black "Schwingen, Dominik"]
[Result "0-1"]
[WhiteElo "1489"]
[BlackElo "1240"]
[PlyCount "72"]
[EventDate "2007.??.??"]
[WhiteTeam "SC Vaterstetten"]
[BlackTeam "SK Ettlingen"]

1. e4 e6 2. d4 d5 3. exd5 exd5 4. Nc3 Nc6 5. Be3 Nge7 6. Bd3 Be6 7. Nf3 Qd7 8.
h3 O-O-O 9. Qd2 Nf5 10. O-O-O Nxe3 11. fxe3 Bb4 12. a3 Ba5 13. b4 Bb6 14. Rdf1
h6 15. Kb2 Rhf8 16. Ra1 a6 17. Na4 Ba7 18. Nc5 Bxc5 19. dxc5 d4 20. e4 f5 21.
e5 Qd5 22. Rhe1 g5 23. Qe2 g4 24. hxg4 fxg4 25. Nd2 h5 26. Be4 Qxe5 27. Bxc6
Qxe2 28. Rxe2 bxc6 29. Rxe6 Rf2 30. Ne4 Rxg2 31. Kb3 Rh8 32. Rd1 h4 33. Rh1 h3
34. Rg6 h2 35. Rg7 Rg1 36. Nf2 g3 0-1

[Event "Weisse Dame Hamburg-LSV Turm Lippstadt"]
[Site "?"]
[Date "2007.12.28"]
[Round "3.2"]
[White "Lampert, Jonas"]
[Black "Valledor Pereira, Dominik Damian"]
[Result "1-0"]
[WhiteElo "1629"]
[BlackElo "1236"]
[PlyCount "53"]
[EventDate "2007.??.??"]
[WhiteTeam "Weisse Dame Hamburg"]
[BlackTeam "LSV Turm Lippstadt"]

1. e4 c5 2. Nf3 Nc6 3. d4 cxd4 4. Nxd4 d6 5. c4 Nf6 6. Nc3 a6 7. f3 Bd7 8. Bg5
e6 9. b3 Be7 10. Nc2 h6 11. Bf4 Qc7 12. Qd2 g5 13. Bg3 Nh5 14. Bf2 Ne5 15. Be2
O-O-O 16. Ne3 Bc6 17. Rc1 Kb8 18. Ncd5 Bxd5 19. cxd5 Qd7 20. Qb4 Ka7 21. dxe6
fxe6 22. Qb6+ Ka8 23. Nd5 Nc6 24. Rxc6 bxc6 25. Nc7+ Qxc7 26. Qxc7 Rc8 27. Qa7#
1-0

[Event "SG Porz 47-SK Gründau"]
[Site "?"]
[Date "2007.12.28"]
[Round "3.2"]
[White "Padva, Leo"]
[Black "Tautz, Jonas"]
[Result "0-1"]
[WhiteElo "1395"]
[BlackElo "1323"]
[PlyCount "50"]
[EventDate "2007.??.??"]
[WhiteTeam "SG Porz 47"]
[BlackTeam "SK Gründau"]

1. Nf3 c5 2. c4 Nc6 3. e3 Nf6 4. d4 cxd4 5. exd4 d5 6. Nc3 Bg4 7. Be3 e6 8. a3
Be7 9. h3 Bh5 10. Be2 dxc4 11. Bxc4 O-O 12. O-O Qd7 13. Bd3 Rfd8 14. Bc2 Nd5
15. Nxd5 Qxd5 16. Qd3 Bg6 17. Qd2 Bxc2 18. Qxc2 Rac8 19. Rfd1 Nxd4 20. Rxd4
Rxc2 21. Rxd5 Rxd5 22. b4 a6 23. Nd4 Bf6 24. Rd1 Bxd4 25. Bxd4 Rc4 0-1

[Event "SV Unterkochen-BSG Chemie Leipzig"]
[Site "?"]
[Date "2007.12.28"]
[Round "3.1"]
[White "Müller, Marius"]
[Black "Zoller, Philipp"]
[Result "1-0"]
[WhiteElo "1485"]
[BlackElo "1049"]
[PlyCount "99"]
[EventDate "2007.??.??"]
[WhiteTeam "BSG Chemie Leipzig"]
[BlackTeam "SV Unterkochen"]

1. e4 e5 2. Nf3 Nc6 3. d4 exd4 4. Bc4 Bc5 5. c3 dxc3 6. Bxf7+ Kxf7 7. Qd5+ Ke8
8. Qh5+ g6 9. Qxc5 Nge7 10. Nxc3 d6 11. Qc4 Rf8 12. O-O Bg4 13. Ng5 Qd7 14.
Nxh7 Be6 15. Qe2 Rf7 16. Ng5 Rg7 17. Bf4 a6 18. Rfd1 Rd8 19. e5 Nf5 20. exd6
cxd6 21. Nxe6 Re7 22. Ng7+ Nxg7 23. Qd2 Nf5 24. Bg5 b5 25. Bxe7 Ncxe7 26. Re1
b4 27. Nd5 a5 28. Nf6+ Kf8 29. Nxd7+ Rxd7 30. Qf4 Ke8 31. Qc4 Kd8 32. h3 Rc7
33. Qh4 a4 34. Rac1 d5 35. Rxe7 Nxe7 36. Rxc7 Kxc7 37. Qxe7+ Kc6 38. Qxb4 Kd7
39. Qb6 g5 40. f3 a3 41. bxa3 d4 42. Qxd4+ Ke7 43. Kf2 Kf7 44. Qd6 Kg7 45. Kg3
Kf7 46. Kg4 Kg7 47. Kxg5 Kf7 48. Qd7+ Kg8 49. Kg6 Kh8 50. Qg7# 1-0

[Event "SV Unterkochen-BSG Chemie Leipzig"]
[Site "?"]
[Date "2007.12.28"]
[Round "3.2"]
[White "Basaran, Mehmet"]
[Black "Oha, Maximilian"]
[Result "0-1"]
[WhiteElo "865"]
[BlackElo "1398"]
[PlyCount "62"]
[EventDate "2007.??.??"]
[WhiteTeam "SV Unterkochen"]
[BlackTeam "BSG Chemie Leipzig"]

1. e4 e6 2. d3 d5 3. Nd2 c5 4. Ngf3 Nc6 5. g3 Qb6 6. Bg2 Bd6 7. O-O Nge7 8. Re1
O-O 9. e5 Bc7 10. Nf1 Ng6 11. b3 Ncxe5 12. Bb2 Nxf3+ 13. Bxf3 Bd7 14. c4 d4 15.
h4 Bc6 16. Bg4 Ne5 17. Be2 Bd6 18. f4 Nd7 19. Nh2 Nf6 20. Nf3 Ng4 21. Nh2 Ne3
22. Qd2 Qc7 23. Nf3 Nf5 24. Kg2 e5 25. g4 Ne3+ 26. Kg3 exf4+ 27. Kh3 Qd7 28.
Rg1 h5 29. Ne1 f3 30. Nxf3 hxg4+ 31. Rxg4 Qxg4# 0-1

[Event "SF Baiertal-Schatthausen-SV Empor Berli"]
[Site "?"]
[Date "2007.12.28"]
[Round "3.3"]
[White "Schmid, Floyd"]
[Black "Herbst, Timothy"]
[Result "1-0"]
[WhiteElo "1073"]
[BlackElo "1103"]
[PlyCount "116"]
[EventDate "2007.??.??"]
[WhiteTeam "SV Empor Berlin"]
[BlackTeam "SF Baiertal-Schatthausen"]

1. e4 c5 2. Nf3 d6 3. d4 cxd4 4. Nxd4 g6 5. c4 Bg7 6. Be3 Bg4 7. Qxg4 Nf6 8.
Qf3 O-O 9. Bd3 Nbd7 10. Nc3 Ne5 11. Qe2 Rc8 12. O-O a6 13. h3 Qd7 14. f4 Nc6
15. a3 Nh5 16. Nxc6 bxc6 17. f5 Ng3 18. Qd2 Nxf1 19. Rxf1 Rfe8 20. Bh6 Qa7+ 21.
Kh1 Qd4 22. Bxg7 Qxg7 23. fxg6 hxg6 24. c5 dxc5 25. Bc4 Rf8 26. Bxa6 Rcd8 27.
Qg5 e5 28. Rf6 Rde8 29. Rxc6 f6 30. Qh4 f5 31. Bc4+ Rf7 32. Bxf7+ Qxf7 33. exf5
Qh7 34. Qxh7+ Kxh7 35. fxg6+ Kg7 36. Rxc5 Kxg6 37. b4 e4 38. Nxe4 Rxe4 39. b5
Re1+ 40. Kh2 Rb1 41. a4 Rb4 42. a5 Kf7 43. b6 Ke7 44. a6 Rxb6 45. Ra5 Rb8 46.
g4 Kd7 47. g5 Kc6 48. g6 Kb6 49. Ra1 Ka7 50. Rg1 Kxa6 51. g7 Rg8 52. h4 Kb7 53.
h5 Kc7 54. h6 Kd6 55. h7 Rxg7 56. Rxg7 Kd5 57. h8=Q Ke4 58. Qe8+ Kf5 1-0

[Event "LSV Turm Lippstadt-SG Porz 47"]
[Site "?"]
[Date "2007.12.28"]
[Round "4.2"]
[White "Valledor Pereira, Dominik Damian"]
[Black "Padva, Leo"]
[Result "1-0"]
[WhiteElo "1236"]
[BlackElo "1395"]
[PlyCount "64"]
[EventDate "2007.??.??"]

1. e4 c5 2. Nf3 Nc6 3. d4 e6 4. Bb5 a6 5. Be2 d5 6. exd5 exd5 7. Be3 cxd4 8.
Nxd4 Nf6 9. Nc3 Bb4 10. Qd2 O-O 11. a3 Ne4 12. Qd3 Ne5 13. Qd1 Nxc3 14. bxc3
Bxc3+ 15. Bd2 Bxd4 16. Rb1 Qf6 17. O-O Qg6 18. Kh1 b5 19. Bb4 Re8 20. Qxd4 Bb7
21. Qd2 Nc4 22. Bxc4 dxc4 23. f3 Rad8 24. Qf2 Qh6 25. Rfe1 Rxe1+ 26. Rxe1 g6
27. Qb6 Qg5 28. Qxb7 Kg7 29. Bc3+ Kh6 30. Qxf7 Rd6 31. Qg7+ Kh5 32. g4+ Kh4 1-0

[Event "SC Vaterstetten-Wilhelmshavener SF"]
[Site "?"]
[Date "2007.12.28"]
[Round "4.1"]
[White "Heermann, Kai"]
[Black "Nitsche-Hahn, Maxim"]
[Result "1-0"]
[WhiteElo "1379"]
[BlackElo "1425"]
[PlyCount "67"]
[EventDate "2007.??.??"]

1. d4 Nf6 2. c4 g6 3. Nf3 Bg7 4. g3 O-O 5. Bg2 d6 6. O-O Bg4 7. h3 Bd7 8. Nc3
Nc6 9. e4 e6 10. Re1 Qe7 11. Be3 a6 12. Kh2 Qd8 13. Qd2 e5 14. Re2 exd4 15.
Nxd4 Nxd4 16. Bxd4 Bc6 17. Rae1 Qd7 18. Nd5 Rad8 19. Bxf6 Bxd5 20. Bxg7 Bxc4
21. Bxf8 Bxe2 22. Qxe2 Kxf8 23. Rd1 Re8 24. Qc4 b5 25. Qc3 Kg8 26. e5 Rd8 27.
Qc6 Qxc6 28. Bxc6 Kf8 29. b4 Ke7 30. Bb7 Ke6 31. exd6 cxd6 32. Bxa6 Ra8 33.
Bxb5 Rxa2 34. Bc4+ 1-0

[Event "SC Vaterstetten-Wilhelmshavener SF"]
[Site "?"]
[Date "2007.12.28"]
[Round "4.3"]
[White "Hellwig, Immo"]
[Black "Xiong, Ferdinand"]
[Result "1-0"]
[WhiteElo "1084"]
[BlackElo "1489"]
[PlyCount "57"]
[EventDate "2007.??.??"]

1. e4 c5 2. Nf3 d6 3. d4 cxd4 4. Nxd4 Nf6 5. Nc3 g6 6. Be3 Bg7 7. f3 O-O 8. Qd2
Nc6 9. O-O-O Nxd4 10. Bxd4 Be6 11. Kb1 Qc7 12. h4 h5 13. g4 hxg4 14. fxg4 Bxg4
15. Be2 Bxe2 16. Qxe2 Nh5 17. Bxg7 Kxg7 18. Nd5 Qc5 19. Rhg1 Nf4 20. h5 Nxd5
21. exd5 Rac8 22. hxg6 fxg6 23. Qxe7+ Rf7 24. Qe4 Qc4 25. Qxg6+ Kf8 26. Qg8+
Ke7 27. Rde1+ Kd7 28. Qxf7+ Kd8 29. Qe7# 1-0

[Event "SV Empor Berlin-SV Stuttgart-Wolfbusch"]
[Site "?"]
[Date "2007.12.28"]
[Round "4.1"]
[White "Schnorr, Christian"]
[Black "Tong, Lukas Fabian Chuan"]
[Result "0-1"]
[WhiteElo "1569"]
[BlackElo "1575"]
[PlyCount "70"]
[EventDate "2007.??.??"]

1. d4 Nf6 2. Nf3 e6 3. e3 b6 4. Bd3 c5 5. c3 Nc6 6. Nbd2 d5 7. O-O Bd6 8. e4
dxe4 9. Nxe4 Nxe4 10. Bxe4 Bb7 11. Ng5 Qc7 12. Qh5 g6 13. Qh3 O-O-O 14. d5 Na5
15. dxe6 Bxe4 16. e7+ Rd7 17. Nxe4 Bxe7 18. Rd1 f5 19. Rxd7 Qxd7 20. Ng3 Qd1+
21. Nf1 Nc4 22. Qh6 Bf8 23. Qf4 b5 24. b3 Bd6 25. Qh6 Ne5 26. Qg7 Rf8 27. Qxh7
Ng4 28. g3 Qe1 29. Qh3 Qxf2+ 30. Kh1 c4 31. Bg5 Qf3+ 32. Qg2 Nf2+ 33. Kg1 Nh3+
34. Kh1 Qxg2+ 35. Kxg2 Nxg5 0-1

[Event "SV Empor Berlin-SV Stuttgart-Wolfbusch"]
[Site "?"]
[Date "2007.12.28"]
[Round "4.3"]
[White "Riasanow, Nikita"]
[Black "Schmid, Floyd"]
[Result "1/2-1/2"]
[WhiteElo "1252"]
[BlackElo "1073"]
[PlyCount "78"]
[EventDate "2007.??.??"]

1. e4 e5 2. Nf3 Nc6 3. Bc4 Bc5 4. c3 Nf6 5. d4 exd4 6. e5 Ng4 7. cxd4 Bb6 8.
O-O d6 9. Ng5 d5 10. Be2 Nh6 11. Nf3 Nf5 12. Bb5 O-O 13. Bxc6 bxc6 14. Nc3 h6
15. Kh1 c5 16. dxc5 Bxc5 17. Qxd5 Qxd5 18. Nxd5 c6 19. Nc3 Ba6 20. Rd1 Bxf2 21.
Ne4 Be3 22. Bxe3 Nxe3 23. Rd6 Rab8 24. Rxc6 Bb7 25. Rc3 Bxe4 26. Rxe3 Bxf3 27.
gxf3 Rxb2 28. Ra3 Re8 29. Re1 f6 30. Rxa7 Rxe5 31. Rxe5 fxe5 32. a4 Ra2 33. Ra5
Kf7 34. Rxe5 Rxa4 35. Kg2 Kf6 36. Rb5 g5 37. Kg3 h5 38. Rb6+ Kf5 39. Rb5+ Kf6
1/2-1/2

[Event "SF Baiertal-Schatthausen-SV Unterkochen"]
[Site "?"]
[Date "2007.12.28"]
[Round "4.3"]
[White "Degünther, Julius"]
[Black "Herbst, Timothy"]
[Result "0-1"]
[WhiteElo "976"]
[BlackElo "1103"]
[PlyCount "122"]
[EventDate "2007.??.??"]

1. e4 c5 2. Nf3 d6 3. Nc3 Nf6 4. Be2 g6 5. O-O Bg7 6. d3 O-O 7. Be3 Nc6 8. Qd2
Be6 9. Bh6 Qd7 10. Bxg7 Kxg7 11. Rfe1 Bg4 12. h3 Bxf3 13. Bxf3 Nd4 14. Re3 e5
15. Ne2 Qb5 16. b3 Qd7 17. Nxd4 exd4 18. Re2 Rfe8 19. Rae1 Re7 20. e5 dxe5 21.
Rxe5 Rxe5 22. Rxe5 Qc7 23. Re2 Rd8 24. a4 b6 25. Qg5 h6 26. Qd2 Qd7 27. Re1 Re8
28. Rxe8 Qxe8 29. Qc1 Qe6 30. Qa1 Nd5 31. Bxd5 Qxd5 32. a5 Qe6 33. axb6 axb6
34. Qb1 Qd6 35. f3 b5 36. Kf2 Qc6 37. b4 cxb4 38. Qxb4 Qxc2+ 39. Kg3 Qxd3 40.
Kf2 Qc4 41. Qb2 b4 42. Ke1 Qc3+ 43. Qxc3 bxc3 44. Kd1 d3 45. g4 Kf6 46. f4 h5
47. Kc1 h4 48. f5 gxf5 49. gxf5 Kxf5 50. Kd1 Ke4 51. Kc1 Ke3 52. Kd1 d2 53. Kc2
Ke2 54. Kxc3 d1=Q 55. Kc4 Qd3+ 56. Kc5 Ke3 57. Kb4 Qc2 58. Kb5 Kd4 59. Kb4 Qb2+
60. Ka5 Kc5 61. Ka4 Qb4# 0-1

[Event "TuS Makkabi Berlin-SC Forchheim"]
[Site "?"]
[Date "2007.12.28"]
[Round "4.2"]
[White "Davydov, Ruven"]
[Black "Nöttling, Dominik"]
[Result "1/2-1/2"]
[WhiteElo "1747"]
[BlackElo "1755"]
[PlyCount "81"]
[EventDate "2007.??.??"]

1. e4 b6 2. d4 Bb7 3. Nc3 e6 4. Bd3 Bb4 5. Nge2 d6 6. a3 Bxc3+ 7. Nxc3 Ne7 8.
Be3 Nbc6 9. O-O Qd7 10. Bb5 a6 11. Bd3 O-O 12. f4 f5 13. d5 exd5 14. exd5 Nd8
15. Be2 Nf7 16. Bf3 Rae8 17. Bf2 Ng6 18. Qd2 Nd8 19. Rae1 Rxe1 20. Rxe1 Re8 21.
Ne2 Qf7 22. c4 Kh8 23. g3 Ne7 24. Nd4 Bc8 25. Re2 Bd7 26. Qd1 Qf6 27. Nc2 Qf7
28. Bd4 Nc8 29. Bc3 Rxe2 30. Qxe2 Qe7 31. Kf2 Qxe2+ 32. Bxe2 Ne7 33. Nd4 Kg8
34. h3 Kf7 35. g4 g6 36. Kg3 h6 37. h4 fxg4 38. Bxg4 Nf5+ 39. Bxf5 Bxf5 40. h5
Bd3 41. hxg6+ 1/2-1/2

[Event "TuS Makkabi Berlin-SC Forchheim"]
[Site "?"]
[Date "2007.12.28"]
[Round "4.4"]
[White "Lerch, Philipp"]
[Black "Förstel, Markus"]
[Result "1-0"]
[WhiteElo "1569"]
[BlackElo "1316"]
[PlyCount "91"]
[EventDate "2007.??.??"]

1. e4 e5 2. Nf3 Nc6 3. d4 exd4 4. Bc4 Nf6 5. O-O Nxe4 6. Re1 d5 7. Bxd5 Qxd5 8.
Nc3 Qa5 9. Rxe4+ Be6 10. Nxd4 Nxd4 11. Qxd4 Bd6 12. Qxg7 O-O-O 13. Qg5 Bc5 14.
Be3 b6 15. Rh4 Bxe3 16. Qxe3 Qf5 17. Qe2 a5 18. Re1 Kb7 19. Qe4+ Qxe4 20. Rhxe4
Rhg8 21. Kf1 Rd2 22. Rc1 Bf5 23. Re2 Rgd8 24. Ke1 R2d7 25. Rd1 Rxd1+ 26. Nxd1
Kc6 27. Rd2 Re8+ 28. Ne3 Bg6 29. Kd1 f5 30. Rd4 Re4 31. Rxe4 fxe4 32. Kd2 Kc5
33. Kc3 b5 34. a3 b4+ 35. axb4+ axb4+ 36. Kd2 Kd4 37. Ng4 c5 38. b3 Bh5 39. Nf6
Bg6 40. h3 Ke5 41. Nd7+ Kd4 42. Nf8 Ke5 43. Nxg6+ hxg6 44. Ke3 g5 45. g3 Kf5
46. h4 1-0

[Event "SF Köln-Mülheim-SV Empor Erfurt"]
[Site "?"]
[Date "2007.12.28"]
[Round "4.2"]
[White "Eigemann, Frederik"]
[Black "Schneider, Jan"]
[Result "1-0"]
[WhiteElo "1564"]
[BlackElo "1477"]
[PlyCount "97"]
[EventDate "2007.??.??"]

1. e4 e5 2. Nf3 Nc6 3. Nc3 Nf6 4. Bb5 Bb4 5. d3 d6 6. Bg5 h6 7. Bh4 g5 8. Bg3
Bg4 9. h3 Bh5 10. Qd2 Qd7 11. a3 Bxf3 12. gxf3 Bxc3 13. Qxc3 O-O-O 14. O-O-O a6
15. Bxc6 Qxc6 16. Qxc6 bxc6 17. h4 Nd7 18. Rh2 Rhg8 19. hxg5 hxg5 20. d4 f6 21.
Rd3 Rdf8 22. Rc3 c5 23. d5 f5 24. exf5 Rxf5 25. Rd3 Nf6 26. c4 g4 27. fxg4 Nxg4
28. Rg2 Rgf8 29. Rd2 e4 30. Re2 Nf6 31. Bh4 Re8 32. Rg5 Rxg5 33. Bxg5 Nh7 34.
Bh4 Kd7 35. Re3 Nf8 36. Rg3 a5 37. Rg7+ Kc8 38. Rg8 Kd7 39. Kd2 Rb8 40. Kc3 Re8
41. Kb3 e3 42. fxe3 Re4 43. Bf6 Ke8 44. Bg7 Rg4 45. Rxf8+ Ke7 46. Rc8 Kd7 47.
Rg8 Rg6 48. Kc3 Ke7 49. Bf8+ 1-0

[Event "SF Köln-Mülheim-SV Empor Erfurt"]
[Site "?"]
[Date "2007.12.28"]
[Round "4.4"]
[White "Rahmen, Christian"]
[Black "Messing, Paul"]
[Result "0-1"]
[WhiteElo "771"]
[BlackElo "1211"]
[PlyCount "96"]
[EventDate "2007.??.??"]

1. Nf3 Nf6 2. g3 d5 3. Bg2 Nc6 4. O-O e5 5. d3 Bd6 6. Nbd2 Be6 7. e4 d4 8. Nc4
h6 9. Nxd6+ cxd6 10. Qe2 O-O 11. Bd2 Qd7 12. Rae1 Rad8 13. Nh4 Ne7 14. c3 dxc3
15. Bxc3 Nh7 16. d4 Qc7 17. dxe5 dxe5 18. Nf3 f6 19. a3 Bc4 20. Qe3 Bxf1 21.
Bxf1 Qb6 22. Qxb6 axb6 23. Bd2 Nc6 24. Be3 Nd4 25. Kg2 Ng5 26. Nxg5 hxg5 27.
Rc1 Rd7 28. b4 Kh7 29. h4 gxh4 30. gxh4 b5 31. Rd1 Rfd8 32. Bxd4 Rxd4 33. Rxd4
exd4 34. Bxb5 d3 35. Ba4 d2 36. Kf3 d1=N 37. Bxd1 Rxd1 38. Ke2 Ra1 39. Kd3
Rxa3+ 40. Kc4 Kg8 41. b5 Kf8 42. Kb4 Rd3 43. Ka5 Rd6 44. b6 Ke7 45. f4 Re6 46.
f5 Rxe4 47. h5 Re5+ 48. Kb4 Rxf5 0-1